000 00433nam a2200181Ia 4500
001 10807
005 20260306161859.0
008 260306t2010||||xx |||||||||||||| ||spa||
041 _aESP
082 _a970.02
_bD87
100 _aD¨olwer, Luis Nicolau
_eAUT
245 0 _aCronistas de las culturas Precolombinas
260 _c2010
300 _a799páginas :
_c
650 _aGEN
654 _aCHU
942 _cLIB
_dJUS
_fJUS
_2ddc
_n
999 _c10807
_d10807